| 000 | 00000nam##2200000za#4500 |
| 001 | 9.669172 |
| 003 | CaOODSP |
| 005 | 20220505163029 |
| 007 | ta |
| 008 | 150407|2006||||xxc||||| f|0| 0 fre|d |
| 020 | |a978-0-662-05067-4 |
| 040 | |aCaOODSP|bfre |
| 041 | |aeng |
| 041 | |afre |
| 043 | |an-cn--- |
| 086 | 1 |aHP5-21/1-2007 |
| 110 | 2 |aAgence de santé publique du Canada. |
| 245 | 10|aAgence de la santé publique du Canada, aperçu des mesures et interventions d'urgence : |bprotéger la santé et la sécurité des Canadiens |
| 260 | |bAgence de santé publique du Canada |c2006. |
| 300 | |aTexte français, 27p. : |bphotographies ; |c20 cm. |
| 520 | 3 |aCe guide de référence décrit le rôle et les activités du Centre de mesures et d’interventions d’urgence (CMIU) de l’Agence de santé publique du Canada, qui a pour mandat de contribuer au maintien de la sécurité sanitaire des Canadiens. Le guide décrit les principaux secteurs à l’appui de ce mandat : orientation stratégique et coordination; services de gestion et d’administration; sécurité des laboratoires; sécurité de la santé publique; intervention d’urgence; et planification et mesures d’urgence. Préparé à l’intention des clients, des partenaires et des intervenants. |
| 563 | |aReliure à spirale |
| 590 | |a07-38|b2007-09-21 |
| 691 | 07|aSanté|2gcpds |
| 691 | 07|aProtection civile|2gcpds |
| 776 | 0#|tAperçu des mesures et interventions d'urgence |w(CaOODSP)9.634554 |
| 776 | 0#|tOverview of emergency preparedness and response |w(CaOODSP)9.690181 |
| 791 | |tPublic Health Agency of Canada, overview of emergency preparedness and response : |eeng|w(CaOODSP)9.669171 |